000
00318pab a2200145 454500
008
180718b1999 xxu||||| |||| 00| 0 eng d
100
_a
Pal, R.M.
245
_a
Torture and media awareness
260
_c
1999
300
_a
p.18-20
362
_a
28 Aug
650
_a
Torture
773
_a
Mainstream
909
_a
42016
999
_c
42016
_d
42016